[Event "Sunnyvale 1000GM Bona op 09"]
[Site "Sunnyvale"]
[Date "2023.09.17"]
[Round "4"]
[White "Patil, Yashas"]
[Black "Parvathaneni, Nikhil"]
[Result "1-0"]
[WhiteElo "1646"]
[BlackElo "1811"]
[PlyCount "61"]
[EventDate "2023.09.15"]
[EventType "swiss"]
[EventRounds "5"]
[EventCountry "USA"]
[SourceTitle "EXT 2024"]
[Source "ChessBase"]
[SourceDate "2023.10.10"]
[SourceVersion "1"]
[SourceVersionDate "2023.10.10"]
[SourceQuality "1"]

1. d4 Nf6 2. c4 e6 3. Nc3 Bb4 4. e3 0-0 5. Nge2 b6 6. a3 Be7 7. Ng3 d5 8. cxd5 exd5 9. Bd3 c5 10. 0-0 Re8 11. Re1 Bf8 12. dxc5 bxc5 13. e4 d4 14. Nb1 Nc6 15. f4 Qc7 16. Qc2 Bb7 17. Rf1 h6 18. Nd2 Rac8 19. Nc4 Na5 20. b3 Nxc4 21. bxc4 Nd7 22. Bd2 Bc6 23. e5 f6 24. Bg6 Re7 25. Nf5 Re6 26. Bh7+ Kf7 27. Nh4 Be7 28. Qg6+ Kf8 29. Nf5 Nb6 30. Nxg7 Qd7 31. Nf5 1-0